Poznať svojho zákazníka Šesťdesiatka bratislavských obchodných domov Dunaj

Prezentácia obchodného domu Dunaj. Trendy firemnej stratégie. Personálne otázky. Predajná a nákupná politika firmy.

Guardado en:
Detalles Bibliográficos
Autor principal: Seewaldová, A.
Formato: Capítulo de libro
Lenguaje:eslovaco
Materias:
Etiquetas: Agregar Etiqueta
Sin Etiquetas, Sea el primero en etiquetar este registro!

MARC

LEADER 00000naa a2200000 4500
001 r018779
005 20221205102702.8
041 0 |a slo 
044 |a SK 
245 1 0 |a Poznať svojho zákazníka  |b Šesťdesiatka bratislavských obchodných domov Dunaj  |c A. Seewaldová 
520 |a Prezentácia obchodného domu Dunaj. Trendy firemnej stratégie. Personálne otázky. Predajná a nákupná politika firmy. 
610 2 0 |a podnik obchodný 
610 2 0 |a podnikanie 
610 2 0 |a domy obchodné 
610 2 0 |a OD Dunaj 
610 2 0 |a stratégia podniková 
610 2 0 |a personál 
100 1 |a Seewaldová, A.